|
|
|
|
| LEADER |
01162nam a22003017a 4500 |
| 001 |
42407 |
| 003 |
BD-DhAAL |
| 005 |
20240903170124.0 |
| 008 |
240318t2001 nyua|||| |||| 00| 0 eng d |
| 020 |
|
|
|a 0078228204
|
| 020 |
|
|
|a 0078228212
|
| 040 |
|
|
|a BD-DhAAL
|d BD-DhAAL
|
| 082 |
|
|
|a 420.71
|2 21
|
| 245 |
|
|
|a Writer's choice :
|b grammar and composition.
|n Grade 11.
|
| 246 |
|
|
|a Glencoe writer's choice : grammar and composition
|
| 264 |
|
|
|a New York N.Y. :
|b Glencoe/ McGraw-Hill,
|c 2001.
|
| 300 |
|
|
|a xxviii, 930 pages :
|b illustrations (some color) ;
|c 27 cm.
|
| 500 |
|
|
|a Includes index
|
| 541 |
|
|
|a Donation from the Asia Foundation
|e 42407
|
| 650 |
|
|
|a English language
|x Study and teaching.
|
| 650 |
|
|
|a English language
|x Grammar
|x Study and teaching.
|
| 650 |
|
|
|a Language arts.
|
| 650 |
|
|
|a English language
|x Composition and exercises.
|
| 710 |
|
|
|a Glencoe Publishing Co.
|
| 852 |
|
|
|a Savar Campus Library
|c General Stacks
|
| 942 |
|
|
|2 ddc
|c BK
|
| 999 |
|
|
|c 46467
|d 46467
|
| 952 |
|
|
|0 0
|1 0
|2 ddc
|4 0
|6 420_710000000000000_WRI
|7 0
|9 75269
|a SCL
|b SCL
|c GEN
|d 2024-03-18
|e Donation from the Asia Foundation
|l 0
|o 420.71 WRI
|p 3020042407
|r 2024-03-18
|t 1
|w 2024-03-18
|y BK
|